Investing in internet stocks : The global gold rush of the new economy

Bibliographic Details
Main Author: Gough Leo
Format: Book
Published: 2000
Subjects:

MARC

LEADER 00000cam a2200000 7i4500
001 0000010073
005 20050415.0
020 |a 047183971x 
040 |a INS 
090 0 0 |a HD9696.8.U62   |b L58 2000 
100 1 |a Gough   |c Leo 
245 1 0 |a Investing in internet stocks :   |b The global gold rush of the new economy   |c Leo Gough 
260 |a 2000 
300 |a 254pp ;   |c 241x165mm. 
650 0 0 |a Internet industry;finance;stocks;invesment. 
999 |a 0000009145   |b BOOK   |c Open Shelf   |e Default branch